书目信息 |
| 题名: |
分析化学实验
|
|
| 作者: | 本书组 | |
| 分册: | ||
| 出版信息: | 北京 高等教育出版社 2002.08 |
|
| 页数: | 234页 | |
| 开本: | 20cm | |
| 丛书名: | ||
| 单 册: | ||
| 中图分类: | O652.1 | |
| 科图分类: | ||
| 主题词: | 分析化学 , 分析(化学) | |
| 电子资源: | ||
| ISBN: | 7-04-010653-1 | |
| 000 | 00613nam0 2200229 45 | |
| 001 | 0303260873 | |
| 005 | 20030326093226.2 | |
| 010 | @a7-04-010653-1@d11.10元 | |
| 100 | @a20030326d2002 km y0chiy0120 ea | |
| 101 | 0 | @achi |
| 105 | @a z 000yy | |
| 200 | 1 | @a分析化学实验@AFen Xi Hua Xue Shi Yan@f本书组@FBen Shu Zu |
| 205 | @a2版 | |
| 210 | @a北京@c高等教育出版社@d2002.08 | |
| 215 | @a234页@d20cm | |
| 300 | @a教育部高职高专规划教材 | |
| 606 | 0 | @a分析化学 |
| 606 | 0 | @a分析(化学) |
| 690 | @aO652.1@v3 | |
| 701 | 0 | @a本书组 |
| 801 | @aCN@bPftUser@c20030326 | |
| 905 | @aBZT@b345875-877@dO652.1@e1@f3 | |
| 分析化学实验/本书组.-2版.-北京:高等教育出版社,2002.08 |
| 234页;20cm |
| 教育部高职高专规划教材 |
| ISBN 7-04-010653-1:11.10元 |
| ● |
| 相关链接 |
|
|
|
正题名:分析化学实验
索取号:O652.1/1
 
预约/预借
| 序号 | 登录号 | 条形码 | 馆藏地/架位号 | 状态 | 备注 |
| 1 | 345875 | 201363602 | 样本书库/样007架B面4层3列/ [索取号:O652.1/1] | 在馆 | |
| 2 | 345876 | 201176262 | 中心书库北库/ 北库021架A面4列4层16/ [索取号:O652.1/1] | 在馆 | |
| 3 | 345877 | 201363620 | 中心书库北库/ 北库021架A面4列4层17/ [索取号:O652.1/1] | 在馆 |